000 00600nam a22001937a 4500
003 OSt
005 20140310182037.0
008 130815t xxu||||| |||| 00| 0 eng d
020 _a9715550082
050 _aBL 1032
_b.Sa161 1994
082 _aHS 261.2
_bSa3 1994
100 u _aSalazar, Robert C.
_910868
245 _aNew religions movements in Asia and the Pacific Islands :
_bimplications for church and society /
_cRobert C. Salazar.
260 _aManila :
_bDela Salle University,
_c1994.
300 _a210 p. ;
_c23 cm.
650 _aSociology
_xChristian
_910869
942 _2lcc
999 _c8720
_d8720